10 best college majors for your personality / (Record no. 18667)
[ view plain ]
| 000 -LEADER | |
|---|---|
| fixed length control field | 00826cam a22002178a 4500 |
| 020 ## - INTERNATIONAL STANDARD BOOK NUMBER | |
| ISBN | 9781593578633 (alk. paper) |
| 020 ## - INTERNATIONAL STANDARD BOOK NUMBER | |
| ISBN | 1593578636 (alk. paper) |
| 040 ## - CATALOGING SOURCE | |
| Transcribing agency | DLC |
| 082 00 - DEWEY DECIMAL CLASSIFICATION NUMBER | |
| Classification number | 378 JIS 2011 C150 Or. |
| 100 1# - MAIN ENTRY--AUTHOR NAME | |
| Personal name | Shatkin, Laurence |
| 245 10 - TITLE STATEMENT | |
| Title | 10 best college majors for your personality / |
| 250 ## - EDITION STATEMENT | |
| Edition statement | 2nd ed |
| 260 ## - PUBLICATION, DISTRIBUTION, ETC. (IMPRINT) | |
| Place of publication | Indianapolis, IN : |
| Name of publisher | JIST Works, |
| Year of publication | c2011 |
| 300 ## - PHYSICAL DESCRIPTION | |
| Number of Pages | xii, 308 p. : |
| Other physical details | ill. ; |
| Dimensions | 24 cm |
| 490 1# - SERIES STATEMENT | |
| Series statement | JIST's best jobs series |
| 500 ## - GENERAL NOTE | |
| General note | Includes index |
| 520 ## - SUMMARY, ETC. | |
| Summary, etc | A guide to selecting a college major based on personality type that describes more than fifty-five majors for six personality types, providing information on related jobs, course sequences, pay, openings, work tasks, and skills needed |
| 650 #0 - SUBJECT ADDED ENTRY--TOPICAL TERM | |
| Topical Term | College majors |
| 650 #0 - SUBJECT ADDED ENTRY--TOPICAL TERM | |
| Topical Term | Vocational guidance |
| 942 ## - ADDED ENTRY ELEMENTS (KOHA) | |
| Koha item type | ADB |
| 952 ## - LOCATION AND ITEM INFORMATION (KOHA) | |
| Withdrawn status [LOCAL, KOHA] | 0 |
| Source of acquisition | Permanent Location | Date acquired | Koha item type | Lost status | Shelving location | Current Location | Full call number |
|---|---|---|---|---|---|---|---|
| A34074 | Library Block C | 2020-01-03 | សៀវភៅភាសាអង់គ្លេស | C150 | Library Block C | 378 JIS 2011 C150 Or. |